Les 50 albums les plus importants de tout les temps - Statistiques

Statistiques générales
  • Ce quiz a été pris 29 fois
  • Le résultat moyen est 10 sur 50
Statistiques - réponses
Position Album Artiste(s) % Correct
12 Thriller Michael Jackson
79%
6 Nevermind Nirvana
54%
5 Abbey Road The Beatles
50%
33 Back To Black Amy Winehouse
46%
42 OK computer Radiohead
39%
8 Purple Rain Prince
39%
16 London Calling The clash
36%
29 The white album The Beatles
36%
7 Rumours Fleetwood Mac
32%
36 Off The Wall Michael Jackson
29%
2 Pet Sounds The Beach Boys
29%
11 Revolver The Beatles
29%
35 Rubber Soul The Beatles
29%
1 What’s Going On Marvin Gaye
29%
21 Born to Run Bruce Springsteen
25%
30 Are You Experienced Jimi Hendrix
21%
41 Let it Bleed Rolling Stones
21%
10 The Miseducation of Lauryn Hill Lauryn Hill
21%
38 Blonde on Blonde Bob Dylan
18%
18 Highway 61 Revisited Bob Dylan
18%
26 Horses Patti Smith
18%
20 Kid A Radiohead
18%
4 Songs In The Key Of Life Stevie Wonder
18%
23 The Velvet Underground and Nico The Velvet Underground
18%
3 Blue Joni Mitchell
14%
14 Exile on Main St. The Rolling Stones
14%
45 Graceland Paul Simon
14%
34 Innervisions Stevie Wonder
14%
31 Kind of Blue Miles Davis
14%
17 My Beautiful Dark Twisted Fantasy Kanye West
14%
37 The Chronic Dr. Dre
14%
19 To Pimp a Butterfly Kendrick Lamar
14%
9 Blood On The Tracks Bob Dylan
11%
44 Illmatic Nas
11%
50 Ramones Ramones
11%
22 Ready to Die Notorious B.I.G
11%
28 Voodoo D’Angelo
11%
47 Aquemini OutKast
7%
48 Legend Bob Marley
7%
40 Remain in Light Talking Heads
7%
24 Sgt. Pepper’s Lonely Heart Club Band The Beatles
7%
46 Sign O’ Time Prince
7%
49 The Blueprint Jay-Z
7%
39 The Rise and Fall of Ziggy Stardust and the Spiders from Mars David Bowie
7%
27 Enter The Wu-Tang (36 chambers) Wu-Tang Clan
4%
32 Lemonade Beyoncé
4%
25 Tapestry Carole King
4%
13 I Never Loved a Man The Way I Loved You Aretha Franklin
0%
15 It Takes a Millions Of Nation to Hold Us Back Public Enemy
0%
43 The Low End Theory A Tribe Called Quest
0%
Aucun quiz correspondant
Distribution des résultats
% des personnes avec chaque résultat
Percentile par nombre de réponses
Votre historique - résultats
Vous n’avez pas pris ce quiz